Anatomy Bones Upper Limb - Statistics

General Stats
  • This quiz has been taken 195 times
  • The average score is 15 of 26
Answer Stats
Hint Answer % Correct
Medial Forearm Ulna
97%
Upper arm. Humerus
95%
Lateral forearm. Radius
95%
Shoulder Blade Scapula
89%
Collar bone. Clavicle
85%
Chest bone. Sternum
82%
First 7 vertebrae Cervical
61%
Furthest finger bones Distal phalanges
61%
Bones found unerneath the palmar fascia Metacarpals
59%
Nearest finger bones Proximal phalanges
59%
Hamate
55%
Lunate
55%
Pisiform
55%
Trapezium
55%
Trapezoid
55%
Wrist bones (8) Scaphoid
54%
Middle finger bones. Middle phalanges
49%
Capitate
45%
Triquetrum
43%
1st vertebrae Atlas
41%
2nd vertebrae Axis
39%
Part of the shoulder blade that articulates with the collar bone. Acromion
35%
Bottom 5 Sacral
35%
Surface of the shoulder blade that articulates with the head of the upper arm bone. Glenoid fossa
31%
Bone superior to the chest bone. Manubrium
23%
Next 12 vertebrae Thoracic
15%
No matching quizzes found
Score Distribution
Percent of People with Each Score
Percentile by Number Answered
Your Score History
You have not taken this quiz